logo

Bir Sreshtho Munshi Abdur Rouf Library
Jhenaidah Cadet College

Selected Works / (Record no. 8029)

MARC details
000 -LEADER
fixed length control field 00553nam a2200229 a 4500
001 - CONTROL NUMBER
JCCL Control Number 8029
003 - CONTROL NUMBER IDENTIFIER
JCCL marc code BD-JhCC
005 - DATE AND TIME OF LATEST TRANSACTION
control field 20180217181032.0
008 - FIXED-LENGTH DATA ELEMENTS--GENERAL INFORMATION
fixed length control field 180217s1971 r |||| || | 001 0 eng d
035 ## - SYSTEM CONTROL NUMBER
system control number (BD-JhCC)8029
040 ## - CATALOGING SOURCE
Original cataloging agency BD-JhCC
Modifying agency BD-JhCC
041 ## - LANGUAGE CODE
Language code of Book eng
082 ## - DEWEY DECIMAL CLASSIFICATION NUMBER
Classification number 308
Author mark and Year LEN 1971
100 ## - MAIN ENTRY--PERSONAL NAME
Personal name Lenin, V. I.
245 ## - TITLE STATEMENT
Title Selected Works /
Statement of responsibility, etc V. I. Lenin,
260 ## - PUBLICATION, DISTRIBUTION, ETC. (IMPRINT)
Place of publication, distribution, etc Moscow :
Name of publisher, distributor, etc Progress Publishers,
Date of publication, distribution, etc 1971.
300 ## - PHYSICAL DESCRIPTION
Pagination 798 p. :
Dimensions 23 cm.
504 ## - BIBLIOGRAPHY, ETC. NOTE
Bibliography, etc Includes Index
650 ## - SUBJECT ADDED ENTRY--TOPICAL TERM
Topical term or geographic name as entry element Socialism
942 ## - ADDED ENTRY ELEMENTS (KOHA)
Source of classification or shelving scheme Dewey Decimal Classification
Koha item type Books
Holdings
Source of classification or shelving scheme Damaged status Not for loan Home library Current library Shelving location Date of accession Total Checkouts Full call number Barcode Date last seen Copy number Koha item type
Dewey Decimal Classification     JCC Rouf Library JCC Rouf Library General Stacks 02/17/2018   308 LEN 1971 10520 02/17/2018 C-1 Books

JCC Library | Contacts | JCC Home

Last Update on 23 September 2017
Copyright @ 2017-2020 JCC Rouf Library
Rouf Library, Jhenidah Cadet College (JCC), Bangladesh